=LDR 00000nam 2200000 4500 =001 INLIS000000000011857 =005 20130612103415 =008 ***********************************Ind** =035 ##$$0010-061300000011857 =041 ##$$a Ind =082 ##$$a 616.462 =090 ##$$a 616.462, Kam d =100 ##$$a Ranakusuma =245 ##$$a Diabetes melitus tentang menghanyut kan, Dr.Ranakusuma =260 ##$$a 1987 $b Jakarta =300 ##$$a xi, 262, Ilus, 19 cm =650 ##$$a Diabetes =850 ##$$a NBPNMAT